Silver economy in the Viking age. - Walnut Creek, Calif. : Left Coast Press. - 2007 [Rezension]
| Titel: | Silver economy in the Viking age. - Walnut Creek, Calif. : Left Coast Press. - 2007 [Rezension] |
|---|---|
| Verfasser: | |
| In: |
Zeitschrift für Archäologie des Mittelalters, Band 36 (2008), Seite 174-177 alle Artikel anzeigen |
| Veröffentlicht: | 2008 |
| Format: | Aufsatz |
| Sprache: | Deutsch |
X
alg: 39494173 001A $01999:12-11-16 001B $01999:01-06-17 $t18:11:56.000 001D $01999:12-11-16 001U $0utf8 001X $00 002@ $0Aox 003@ $039494173X 007A $039494173X $aHEB 007T $0Herdd03937 010@ $ager 011@ $a2008 021A $aSilver economy in the Viking age. - Walnut Creek, Calif. : Left Coast Press. - 2007 [Rezension] 028A $aSteuer $dHeiko 031A $d36 $h174-177 $j2008 039B $aIn $8--Abvc--. Zeitschrift für Archäologie des Mittelalters. - Bonn : Habelt, 1973-. - ISSN 0340-0824 $x200800000360000826 $9047204826 039T $8--Aau--. Silver economy in the Viking age. - Walnut Creek, Calif. : Left Coast Press, 2007. - XVI, 228 S.. - Ill., graph. Darst., Kt.. - ISBN 978-1-59874-222-0 $9134858794 045T $a6,11 $a8 $a9,10 lok: 39494173 78 exp: 39494173 78 1 #EPN 201B/01 $018-11-16 $t13:12:49.000 201U/01 $0utf8 203@/01 $0791240312 208@/01 $a12-11-16 $be 209A/01 $a/ $f000 $x00 220C/01 $aTitelaufnehmer: dt 244Z/01 $2Trx $#arvustused $#recenzijos $#Reviews $#recenziók $#recenzje $#recenzie $#recenze $8--Trx--Rezensionen $x01 $9391357441 247C/01 $82080>Marburg/Lahn, Herder-Institut, Forschungsbibliothek, Bibliographieportal $9336309341
| LEADER | 00000caa a22000002c 4500 | ||
|---|---|---|---|
| 001 | 39494173X | ||
| 003 | DE-603 | ||
| 005 | 20170601181156.0 | ||
| 007 | tu | ||
| 008 | 161112s2008 xx |||| | u00||u|ger c | ||
| 035 | |a (DE-599)HEB39494173X | ||
| 040 | |a DE-603 |b ger |c DE-603 |d DE-603 | ||
| 041 | |a ger | ||
| 084 | |a 6,11 |a 8 |a 9,10 |2 ssgn | ||
| 100 | 1 | |a Steuer, Heiko | |
| 245 | 0 | 0 | |a Silver economy in the Viking age. - Walnut Creek, Calif. : Left Coast Press. - 2007 [Rezension] |
| 264 | 0 | |c 2008 | |
| 773 | 0 | 8 | |i In |t Zeitschrift für Archäologie des Mittelalters |d Bonn : Habelt, 1973- |x 0340-0824 |g Band 36 (2008), Seite 174-177 |w (DE-603)047204826 |w (DE-600)184903-7 |
| 787 | 0 | 8 | |i Rezension von |t Silver economy in the Viking age |d Walnut Creek, Calif. : Left Coast Press, 2007 |h XVI, 228 S., Ill., graph. Darst., Kt. |z 1598742221 |z 9781598742220 |w (DE-603)134858794 |
| 924 | 0 | |9 2080 |a (DE-603)791240312 |b DE-2080 |c HES |d d |g / | |


